000 01037nam0a2200289 4500
001 RU\NLR\BIBL_A\022671420
005 20260121170832.0
021 _aRU
_bКН-П-25-060588
_9КН-П-25-5846
035 _a(NLR Aleph) 022671420
090 _a13536102
_c13536102
100 _a20251121d2024 u y0rusy50 ca
101 0 _arus
102 _aRU
105 _ay z 000gy
181 0 _ai
_baxxe
182 0 _an
200 1 _aДа, трудно нам сказать "прости"; да, часто это через силу
_eсборник стихов
_fрий Ялавин
203 _aТекст
_bвизуальный
_cнепосредственный
210 _aЧебоксары
_cНовое Время
_d2024
215 _a11 с.
_d21
686 2 _aШ6(2=Р)8-5
700 1 _aЯлавин
_bЮ. С.
_f1956-
_gЮрий Сергеевич
942 _cBOOK
980 _aNB